000 00298nam a22001337a 4500
008 180227b xxu||||| |||| 00| 0 eng d
020 _a9780838576786
041 _aeng
080 _a658
100 _a9
101 _aPAT
245 _aPATHOPHYSIOLOGY OF DISEASE
_cSTEPHEN.J.M
942 _2udc
_cBK
999 _c43656
_d43656